000 00999nam a22002897a 4500
005 20251108173339.0
008 250721s1999 xx 000 0 ara d
020 _a9771604163
082 1 4 _aط/219.5/عبد
100 1 _aعبد الحميد، علي عبد المنعم
245 1 0 _aفاتح إفريقية وشخصيات أخرى /
264 1 _aبيروت :
_bمكتبة لبنان،
_c1999.
300 _a95 ص.
490 0 _aرياض الإيمان : نفحات من سيرة الرسول و صحبه
650 1 7 _aالسيرة النبوية
653 _aسودة بنت زمعة
653 _aفاطة بنت أسد
653 _aجابر بن عبدالله
653 _aعاتكة بنت زيد
653 _aالمثنى بن حارثة الشيباني
653 _aعقبة بن نافع
653 _aأم حرام
653 _aأروى بنت عبد المطلب
653 _aناشئون صغار (10-14 سنة)
942 _2ddc
_cBK
999 _c101811
_d101811